Atlas del medio ambiente preservación de la naturaleza
| Main Author: | |
|---|---|
| Format: | Section = Libro |
| Language: | Undetermined Spanish |
| Published: |
Madrid, España
Cultural
2006
|
| Subjects: |
| LEADER | 00644nam a2200217Ia 4500 | ||
|---|---|---|---|
| 008 | 240829s9999 xx 000 0 und d | ||
| 020 | |a 84-8055-128-3 | ||
| 040 | |a BIBLIOTECA-RUSB/ Ref 574.5 A881 | ||
| 041 | |a spa | ||
| 082 | |a Ref 574.5 A881 | ||
| 100 | 1 | |a España. Cultural S. A. | |
| 245 | 1 | 0 | |a Atlas del medio ambiente preservación de la naturaleza |
| 260 | |a Madrid, España |b Cultural |c 2006 | ||
| 300 | |a 112 p. :il. | ||
| 650 | 7 | |a ECOLOGIA - ATLAS MEDIO AMBIENTE - PROTECCIÓN | |
| 650 | 7 | |b CONSERVACION DE LA NATURALEZA | |
| 650 | 7 | |c PARQUES NATURALES | |
| 650 | 7 | |d ECOLOGIA HUMANA | |
| 942 | |c BK |2 ddc | ||
| 991 | |a TEXTO | ||
| 999 | |c 6062 | ||